书目信息 |
| 题名: |
建设工程法规及相关知识
|
|
| 作者: | 丁士昭, 主编 ;全国一级建造师执业资格考试用书编写委员会 编写 | |
| 分册: | ||
| 出版信息: | 北京 中国建筑工业出版社 2022.05 |
|
| 页数: | 382页 | |
| 开本: | 26cm | |
| 丛书名: | 2022年版全国一级建造师执业资格考试用书 | |
| 单 册: | ||
| 中图分类: | D922.297.4 | |
| 科图分类: | ||
| 主题词: | 建筑法--jian zhu fa--中国--资格考试--自学参考资料 | |
| 电子资源: | ||
| ISBN: | 978-7-112-27154-2 | |
| 000 | 01264nam 2200265 450 | |
| 001 | 27992 | |
| 005 | 20221008132036.25 | |
| 010 | @a978-7-112-27154-2@dCNY72.00 | |
| 100 | @a20220804d2022 em y0chiy50 ea | |
| 101 | 0 | @achi |
| 102 | @aCN@b110000 | |
| 105 | @ay z 000yy | |
| 200 | 1 | @a建设工程法规及相关知识@Ajian she gong cheng fa gui ji xiang guan zhi shi@f全国一级建造师执业资格考试用书编写委员会编写 |
| 210 | @a北京@c中国建筑工业出版社@d2022.05 | |
| 215 | @a382页@d26cm | |
| 225 | 2 | @a2022年版全国一级建造师执业资格考试用书@A2022 nian ban quan guo yi ji jian zao shi zhi ye zi ge kao shi yong shu@i1Z300000 |
| 314 | @a书内题: 丁士昭主编 | |
| 330 | @a本书内容包括: 建设工程基本法律知识、施工许可法律制度、建设工程发承包法律制度、建设工程发承包法律制度、建设工程合同和劳动合同法律制造、建设工程安全生产法律制度等。 | |
| 410 | 0 | @12001 @a2022年版全国一级建造师执业资格考试用书@i1Z300000 |
| 606 | 0 | @a建筑法@Ajian zhu fa@y中国@x资格考试@j自学参考资料 |
| 690 | @aD922.297.4@v5 | |
| 701 | 0 | @a丁士昭,@Ading shi zhao@f1940-@4主编 |
| 712 | 02 | @a全国一级建造师执业资格考试用书编写委员会@Aquan guo yi ji jian zao shi zhi ye zi ge kao shi yong shu bian xie wei yuan hui@4编写 |
| 801 | 0 | @aCN@c20220910 |
| 905 | @a河南城建学院图书馆@dD922.297.4@eD560-2@f2 | |
| 建设工程法规及相关知识/全国一级建造师执业资格考试用书编写委员会编写.-北京:中国建筑工业出版社,2022.05 |
| 382页;26cm.-(2022年版全国一级建造师执业资格考试用书.1Z300000) |
| ISBN 978-7-112-27154-2:CNY72.00 |
| 本书内容包括: 建设工程基本法律知识、施工许可法律制度、建设工程发承包法律制度、建设工程发承包法律制度、建设工程合同和劳动合同法律制造、建设工程安全生产法律制度等。 |
| ● |
| 相关链接 |
|
|
|
正题名:建设工程法规及相关知识
索取号:D922.297.4/D560-2
 
预约/预借
| 序号 | 登录号 | 条形码 | 馆藏地/架位号 | 状态 | 备注 |
| 1 | 1580571 | 215805715 | 社科库509/509社科库 88排9列3层/ [索取号:D922.297.4/D560-2] | 在馆 | |
| 2 | 1580572 | 215805724 | 社科库509/509社科库 88排9列3层/ [索取号:D922.297.4/D560-2] |
已借出,限还日期为2026.05.05 借出人:赵丽霞 |